| 000 | 00732nam a2200229Ia 4500 | ||
|---|---|---|---|
| 008 | 191130s2008##################000#0#eng## | ||
| 020 | _a9781578085385 | ||
| 022 | _a2008016633 | ||
| 040 |
_aACL _cACL |
||
| 082 | _a572.592 PRE | ||
| 245 |
_aLycopene : nutritional, medicinal and therapeutic properties _ceditors, Victor R. Preedy and Ronald R. Watson |
||
| 260 |
_aEnfield, NH _bScience Publishers _c2008 |
||
| 300 | _axix, 451 p. : ill. ; 25 cm | ||
| 500 | _aIncludes bibliographical references and index | ||
| 650 | _aLycopene | ||
| 650 | _aLycopene - Health aspects | ||
| 700 | _aPreedy, Victor R | ||
| 700 | _aWatson, Ronald R | ||
| 990 | _abd9a24e0ac10000c42c57f1af2f54ad8 | ||
| 991 | _a229493 | ||
| 999 |
_c236398 _d236398 |
||